Freshwater : (Registro nro. 137398)

Detalles MARC
000 -CABECERA
campo de control de longitud fija 02097nam a2200373 i 4500
001 - NÚMERO DE CONTROL
campo de control 991061739561106706
003 - IDENTIFICADOR DEL NÚMERO DE CONTROL
campo de control ES-BaIT
005 - FECHA Y HORA DE LA ÚLTIMA TRANSACCIÓN
campo de control 20260423145439.0
008 - DATOS DE LONGITUD FIJA--INFORMACIÓN GENERAL
campo de control de longitud fija 260407e202509 spc 000 d cat c
017 ## - NÚMERO DE COPYRIGHT O DE DEPÓSITO LEGAL
Número de copyright o de depósito legal DL T 954-2025
Agencia que asigna Biblioteca de Catalunya
020 ## - NÚMERO INTERNACIONAL ESTÁNDAR DEL LIBRO
Número Internacional Estándar del Libro 9791399086911
040 ## - FUENTE DE LA CATALOGACIÓN
Centro catalogador/agencia de origen ES-BaIT
Lengua de catalogación cat
Normas de descripción rda
Centro/agencia transcriptor ES-BaIT
080 ## - NÚMERO DE LA CLASIFICACIÓN DECIMAL UNIVERSAL
Número de la Clasificación Decimal Universal 821.111-2
Subdivisión auxiliar común "19"
Identificador de la edición 2004
080 ## - NÚMERO DE LA CLASIFICACIÓN DECIMAL UNIVERSAL
Número de la Clasificación Decimal Universal 820-2"19"
100 1# - ENTRADA PRINCIPAL--NOMBRE DE PERSONA
Nombre de persona Woolf, Virginia,
Fechas asociadas al nombre 1882-1941
Término indicativo de función/relación autor
9 (RLIN) 52805
240 1# - TÍTULO UNIFORME
Título uniforme Freshwater.
Lenguaje de la obra Català
9 (RLIN) 169295
245 10 - MENCIÓN DE TÍTULO
Título Freshwater :
Resto del título una comèdia (1935) /
Mención de responsabilidad, etc. Virginia Woolf ; presentació i traducció d'Albert Arribas
250 ## - MENCIÓN DE EDICIÓN
Mención de edición 2a edició revisada
264 #1 - PRODUCCIÓN, PUBLICACIÓN, DISTRIBUCIÓN, FABRICACIÓN Y COPYRIGHT
Producción, publicación, distribución, fabricación y copyright Tarragona :
Nombre del de productor, editor, distribuidor, fabricante Arola Editors,
Fecha de producción, publicación, distribución, fabricación o copyright setembre del 2025
300 ## - DESCRIPCIÓN FÍSICA
Extensión 115 pàgines ;
Dimensiones 17 cm
336 ## - TIPO DE CONTENIDO
Término de tipo de contenido text
Código de tipo de contenido txt
Fuente rdacontent
337 ## - TIPO DE MEDIO
Nombre/término del tipo de medio sense mediació
Código del tipo de medio n
Fuente rdamedia
338 ## - TIPO DE SOPORTE
Nombre/término del tipo de soporte volum
Código del tipo de soporte nc
Fuente rdacarrier
490 1# - MENCIÓN DE SERIE
Mención de serie Textos a part. Teatre clàssic ;
Designación de volumen o secuencia 15
500 ## - NOTA GENERAL
Nota general P10: D4, H6
500 ## - NOTA GENERAL
Nota general Inclou apèndix: Ellen Terry (un assaig de Virginia Woolf) -- Anàlisi de Freshwater, per Marta Tirado Mauri
520 ## - SUMARIO, ETC.
Sumario, etc. "El poble de Freshwater, a la idíl.lica illa de Wight, fou escenari de llegendàries trobades entre la flor i nata dels artistes victorians: pintura, poesia, filosofia, fotografia s'aplegaven entorn d'apassionats ideals estètics en un món cada vegada més accelerat i convuls. Unes dècades més tard, Virginia Woolf va immortalitzar satíricament aquest reducte d' a la brillant farsa homònima Freshwater (una comèdia), composta entre 1923 i 1935, que mai no es va arribar a estrenar professionalment en vida seva. Sota l'aparença d'un deliciós divertimento, l'única obra teatral d'aquesta escriptora és tan original i profunda que mereix un lloc ben destacat entre els grans títols de la literatura dramàtica del segle vint." -- Contracoberta
600 #0 - PUNTO DE ACCESO ADICIONAL DE MATERIA--NOMBRE DE PERSONA
Nombre de persona Cameron, Julia Margaret
Subdivisión general Textos dramàtics
9 (RLIN) 154216
700 1# - ENTRADA AGREGADA--NOMBRE PERSONAL
Nombre de persona Arribas, Albert
Forma completa/desarrollada del nombre (Arribas Queralt)
Término indicativo de función/relación traductor
9 (RLIN) 139805
830 #0 - PUNTO DE ACCESO ADICIONAL DE SERIE-TÍTULO UNIFORME
Título uniforme Textos a part.
Nombre de parte o sección de la obra Teatre clàssic
Designación de volumen o secuencia 15
9 (RLIN) 63607
908 ## - COLOCAR PARÁMETRO DE COMANDO (RLIN)
Colocar parámetro de comando CDMAE
940 ## - EQUIVALENCIA O REFERENCIA-CRUZADA--TÍTULO UNIFORME [OBSOLETO] [solamente CAN/MARC]
Título uniforme <a href="CVA7">CVA7</a>
942 ## - ELEMENTOS DE ENTRADA AGREGADA (KOHA)
Fuente del sistema de clasificación o colocación Clasificación decimal universal
Tipo de ítem Koha Llibre
Existencias
Estado de retiro Estado de pérdida Fuente del sistema de clasificación o colocación Estado dañado No para préstamo Localización permanente Ubicación/localización actual Ubicación en estantería Fecha de adquisición Fuente de adquisición Total de préstamos Signatura topográfica completa Código de barras Fecha visto por última vez Precio válido a partir de Tipo de ítem Koha
    Clasificación decimal universal   Exclòs de préstec Biblioteca Barcelona Biblioteca Barcelona BCN Magatzem Fons N 23/04/2026 Compra   N- 1900090044 23/04/2026 23/04/2026 Llibre
    Clasificación decimal universal     Biblioteca Barcelona Biblioteca Barcelona BCN Lliure Accés 23/04/2026 Compra   820 WOL fre 1900090045 23/04/2026 23/04/2026 Llibre
    Clasificación decimal universal     Biblioteca Terrassa Biblioteca Barcelona VALLÈS-J.Oliver 23/04/2026 Compra   820 WOL fre 1900090046 23/04/2026 23/04/2026 Llibre

Con tecnología Koha